000 00482cam a2200145 4500500
005 20260208000608.0
041 _afre
042 _adc
100 1 0 _aTilby, Michaël
_eauthor
245 0 0 _aLe Médecin de campagne and the Status of the Narrative
260 _c2003.
500 _a1
786 0 _nL’Année balzacienne | o 4 | 1 | 2003-06-01 | p. 7-24 | 0084-6473
856 4 1 _uhttps://shs.cairn.info/journal-l-annee-balzacienne-2003-1-page-7?lang=en&redirect-ssocas=7080
999 _c1643834
_d1643834